The complete measurer, or, The whole art of measuring (Record no. 114903)

MARC details
000 -LEADER
fixed length control field 00792cam a22002055a 4500
001 - CONTROL NUMBER
control field L157656
008 - FIXED-LENGTH DATA ELEMENTS--GENERAL INFORMATION
fixed length control field 130220s1833 xxk f 000 0 eng d
035 ## - SYSTEM CONTROL NUMBER
System control number (Sirsi) u157656
041 0# - LANGUAGE CODE
Language code of text/sound track or separate title eng
100 1# - MAIN ENTRY--PERSONAL NAME
Personal name Keith, Thomas
Dates associated with a name 1759-1824
245 04 - TITLE STATEMENT
Title The complete measurer, or, The whole art of measuring
Remainder of title being a plain and comprehensive treatise on practical geometry and mensuration ...
Statement of responsibility, etc. by Thomas Keith
250 ## - EDITION STATEMENT
Edition statement 22nd ed., corr. and improved
260 ## - PUBLICATION, DISTRIBUTION, ETC.
Place of publication, distribution, etc. London
Name of publisher, distributor, etc. Printed for Longman & Co. ... [and 11 others]
Date of publication, distribution, etc. 1833
300 ## - PHYSICAL DESCRIPTION
Extent xvi, 320 p.
Other physical details ill.
Dimensions 19 cm.
520 ## - SUMMARY, ETC.
Summary, etc. "For the use of schools, and persons concerned in measuring, gauging, surveying, etc."
651 #4 - SUBJECT ADDED ENTRY--GEOGRAPHIC NAME
Geographic name Great Britain
Chronological subdivision 1707-
690 ## - LOCAL SUBJECT ADDED ENTRY--TOPICAL TERM (OCLC, RLIN)
Topical term or geographic name as entry element Measurement
9 (RLIN) 6256
700 1# - ADDED ENTRY--PERSONAL NAME
Personal name Maynard, Samuel
Dates associated with a name 1790-1866
942 ## - ADDED ENTRY ELEMENTS (KOHA)
Suppress in OPAC 0
Holdings
Withdrawn status Lost status Damaged status Not for loan Home library Current library Shelving location Date acquired Total Checkouts Full call number Barcode Date last seen Copy number Price effective from Koha item type
        Historic collection Historic collection Historic collection 20/02/2013   PRICE OCTAVO 1833 KEITH 30078157 06/08/2019 1 06/08/2019 Book